[Event "AUTO-ADV-3789"]
[Site "http://www.queenalice.com/game.php?id=1482704"]
[Date "2017.6.17"]
[Round "2"]
[White "arniecoruja"]
[Black "mauricio_sm"]
[Result "1-0"]
[WhiteElo "1932"]
[BlackElo "2031"]

1. d4 Nf6 2. b3 e6 3. Bb2 Be7 4. h3 b6 5. e3 Bb7 6. Nf3 Nc6 7. Nbd2 O-O 8. c3 d5
9. g4 Ne4 10. Bd3 Bh4 11. Nxe4 dxe4 12. Bxe4 Rb8 13. Qc2 f5 14. gxf5 exf5 15.
Bxf5 h6 16. Rg1 Qf6 17. Nxh4 Qxh4 18. Bh7+ Kh8 19. Rg3 Ne7 20. c4 Rf6 21. d5 Rf7
22. O-O-O Rbf8 23. Rdg1 Nf5 24. Bxf5 Rxf5 25. Bxg7+ 1-0

[Event "AUTO-ADV-3789"]
[Site "http://www.queenalice.com/game.php?id=1482705"]
[Date "2017.6.17"]
[Round "2"]
[White "mauricio_sm"]
[Black "arniecoruja"]
[Result "1/2-1/2"]
[WhiteElo "1962"]
[BlackElo "1961"]

1. e4 e5 2. Nf3 d6 3. Bc4 Qf6 4. Nc3 Be6 5. Bxe6 fxe6 6. d4 exd4 7. Qxd4 Qxd4 8.
Nxd4 e5 9. Ne6 Na6 10. Nd5 Kd7 11. Ng5 Nh6 12. O-O c6 13. Nc3 Be7 14. Nf3 b5 15.
a3 Nf7 16. Be3 g5 17. Ne2 g4 18. Ne1 h5 19. Ng3 Bg5 20. Bxg5 Nxg5 21. f3 Raf8
22. Rd1 Nc7 23. Nf5 d5 24. Nh4 Rhg8 25. Nf5 d4 26. c3 c5 1/2-1/2

[Event "AUTO-ADV-3734"]
[Site "http://www.queenalice.com/game.php?id=1483171"]
[Date "2017.6.21"]
[Round "2"]
[White "miltonlovisk"]
[Black "mauricio_sm"]
[Result "1-0"]
[WhiteElo "1969"]
[BlackElo "1966"]

1. e4 e5 2. Nf3 Nc6 3. a3 Nf6 4. Nc3 d5 5. exd5 Nxd5 6. Bb5 Ne7 7. Nxe5 Bd7 8.
Qe2 Nxe5 9. Qxe5 Bxb5 10. Qxb5+ Nc6 11. Qxb7 Nd4 12. Qe4+ Qe7 13. Kd1 Qxe4 14.
Nxe4 Bd6 15. Nxd6+ cxd6 16. Re1+ Kd7 17. b4 Rac8 18. c3 Nb3 19. Rb1 Nxc1 20.
Rxc1 Rhe8 21. Rxe8 Rxe8 22. d4 Re7 23. Kd2 Re6 24. d5 Rf6 25. f3 Rf5 26. c4 Rg5
27. g4 Re5 28. Rc3 a6 29. a4 Kc7 30. a5 f5 31. g5 f4 32. h4 h6 33. gxh6 gxh6 34.
Rc1 Re3 35. Rc3 Re5 36. Kd3 Rh5 37. Ke4 Rxh4 38. c5 Rh5 39. cxd6+ Kxd6 40. Rc6+
Kd7 41. Rxa6 Rh1 42. Kxf4 h5 43. b5 h4 44. Rh6 h3 45. Kg3 Rd1 46. Rh5 Rb1 47. b6
Rb5 48. Rh7+ Kc8 49. Ra7 Rxd5 50. Kxh3 Kb8 51. f4 Rf5 52. Kg4 Rb5 53. f5 Rb4+
54. Kg5 Kc8 55. f6 Rb1 56. f7 Rd1 57. f8=R+ Rd8 58. Ra8+ 1-0

[Event "AUTO-ADV-3734"]
[Site "http://www.queenalice.com/game.php?id=1483172"]
[Date "2017.6.21"]
[Round "2"]
[White "mauricio_sm"]
[Black "miltonlovisk"]
[Result "0-1"]
[WhiteElo "1985"]
[BlackElo "1956"]

1. e4 e5 2. Nf3 Qf6 3. Nc3 c6 4. d4 exd4 5. Qxd4 Qxd4 6. Nxd4 Bb4 7. Bd2 Nf6 8.
Bd3 d5 9. O-O-O Bxc3 10. Bxc3 dxe4 11. Bc4 O-O 12. h3 b5 13. Be2 Bb7 14. Nf5 Na6
15. a3 Nd5 16. Bxg7 Rfe8 17. Bd4 Re6 18. Bg4 c5 19. Be3 Rg6 20. Rxd5 Bxd5 21.
Ne7+ Kg7 22. Nxd5 Rd8 23. Rd1 Rgd6 24. Ne7 Rxd1+ 25. Bxd1 Rd7 26. Nf5+ Kf6 27.
Ng3 Re7 28. Nh5+ Ke5 29. Bf4+ Kd5 30. Be2 f5 31. Bxb5 Nc7 32. Be2 Ne6 33. Bd2
Nd4 34. Nf4+ Ke5 35. Bc4 Rd7 36. Bc3 Kxf4 37. Bxd4 cxd4 38. Be2 e3 39. g3+ Ke4
40. f3+ Ke5 41. Bd3 h5 42. Kd1 Rg7 43. g4 fxg4 44. fxg4 hxg4 45. hxg4 Rxg4 46.
Ke2 Kf4 47. Bc4 Rg2+ 48. Kd1 Kf3 49. Bd5+ Kf2 50. Bxg2 e2+ 0-1

[Event "AUTO-ADV-3734"]
[Site "http://www.queenalice.com/game.php?id=1483175"]
[Date "2017.6.21"]
[Round "2"]
[White "mauricio_sm"]
[Black "maurice91"]
[Result "0-1"]
[WhiteElo "1962"]
[BlackElo "1804"]

1. e4 c6 2. d4 d5 3. exd5 cxd5 4. Nf3 Nc6 5. Be3 Bg4 6. Be2 Nf6 7. h3 Bh5 8. Nc3
e6 9. O-O Bd6 10. a3 Bc7 11. Nd2 Bxe2 12. Qxe2 O-O 13. Nb3 Qd6 14. f4 g6 15. Nb5
Qe7 16. Nc5 Bb6 17. Nd3 a6 18. Nc3 Bxd4 19. Bxd4 Nxd4 20. Qf2 Nf5 21. g4 Ng7 22.
Ne5 Rac8 23. Rac1 b5 24. Ne2 Ne4 25. Qe3 f6 26. Nd3 f5 27. g5 Nh5 28. Nf2 Qb7
29. Nxe4 dxe4 30. Nd4 Qb6 31. c3 Rce8 32. Qf2 Qd6 33. Rcd1 Qc7 34. Rd2 e5 35.
fxe5 Qxe5 36. Re1 f4 37. Qh4 e3 38. Nf3 Qc5 39. Rd4 Rd8 40. Red1 Rxd4 41. Nxd4
Rd8 42. Qg4 Qd5 43. Qg2 Ng3 44. Qxd5+ Rxd5 45. Kg2 Rxg5 46. Kf3 Nh5 47. Ne6 Rg3+
48. Ke4 Rxh3 49. Rd8+ Kf7 50. Ng5+ Ke7 51. Rh8 Nf6+ 52. Kd3 Rh5 53. Nf3 Rd5+ 54.
Ke2 g5 55. Nd4 h5 56. Kf3 h4 57. Nc6+ Kd6 58. Nb4 Rd2 59. Nxa6 Rf2# 0-1

[Event "AUTO-ADV-3734"]
[Site "http://www.queenalice.com/game.php?id=1483176"]
[Date "2017.6.21"]
[Round "2"]
[White "maurice91"]
[Black "mauricio_sm"]
[Result "1-0"]
[WhiteElo "1721"]
[BlackElo "2011"]

1. d4 Nf6 2. c4 e6 3. Nc3 Be7 4. e4 d6 5. Be2 Nc6 6. Nf3 O-O 7. O-O b6 8. b3 Bb7
9. Bb2 Nb4 10. Nd2 Nc6 11. Nb5 a6 12. Na3 Na7 13. Nc2 Nxe4 14. Nxe4 Bxe4 15. Bf3
Bxf3 16. Qxf3 Bf6 17. Rab1 g6 18. Nb4 Bg7 19. Nc6 Nxc6 20. Qxc6 Re8 21. Qf3 d5
22. cxd5 Qxd5 23. Qg3 e5 24. dxe5 Bxe5 25. Bxe5 Qxe5 26. Qf3 Qe2 27. Qg3 c5 28.
h3 Qxa2 29. Qc7 Qa5 30. Ra1 Qb5 31. b4 cxb4 32. Rfb1 Qc5 33. Qf4 a5 34. Rc1 Qe5
35. Qf3 Rac8 36. Re1 Qc5 37. Rec1 Qd6 38. Rd1 Qf8 39. Kh2 Rc2 40. Rf1 Qd6+ 41.
Kg1 Ree2 42. Rad1 Qe6 43. Qg3 b3 44. Qh4 b2 45. Qh6 Qf5 46. Rd8+ 1-0

[Event "AUTO-ADV-3788"]
[Site "http://www.queenalice.com/game.php?id=1484530"]
[Date "2017.7.1"]
[Round "2"]
[White "andrevillares"]
[Black "mauricio_sm"]
[Result "1-0"]
[WhiteElo "1829"]
[BlackElo "1943"]

1. d4 Nf6 2. c4 e6 3. Nf3 Be7 4. Nc3 O-O 5. e4 d6 6. Be2 b6 7. O-O Bb7 8. Qc2 h6
9. Bf4 Nc6 10. Rfd1 Nb4 11. Qb1 c5 12. a3 Na6 13. d5 Nc7 14. dxe6 fxe6 15. e5
Nfe8 16. exd6 Bxd6 17. Bxd6 Nxd6 18. Qg6 Qe7 19. Bd3 Nf5 20. Ne5 Qf6 21. Bxf5
Qxf5 22. Qxf5 exf5 23. Rd7 Rac8 24. Ng6 Rfe8 25. Ne7+ Rxe7 26. Rxe7 Be4 27. Rd1
Ne8 28. Nxe4 fxe4 29. Re1 Nf6 30. Rxa7 Rb8 31. b4 cxb4 32. axb4 Rc8 33. Rc1 b5
34. c5 Nd5 35. Rb7 e3 36. fxe3 Nxe3 37. c6 Nd5 38. Rxb5 Nc7 39. Rb7 g5 40. b5
Ne6 41. b6 Nd4 42. c7 Ne2+ 43. Kf2 Nf4 44. Rb8 Nd3+ 45. Ke3 Nxc1 46. Rxc8+ Kf7
47. Rf8+ Kxf8 48. c8=Q+ Ke7 49. Qxc1 Kf6 50. b7 Kg6 51. b8=Q Kh5 52. Qe8+ Kh4
53. Qe1+ Kg4 54. Qg3+ Kf5 55. Qf3# 1-0

[Event "AUTO-ADV-3788"]
[Site "http://www.queenalice.com/game.php?id=1484531"]
[Date "2017.7.1"]
[Round "2"]
[White "mauricio_sm"]
[Black "andrevillares"]
[Result "1-0"]
[WhiteElo "1936"]
[BlackElo "2046"]

1. e4 c6 2. d4 d5 3. exd5 cxd5 4. Nf3 Nc6 5. Bb5 Bd7 6. Nc3 e6 7. Bf4 Nf6 8. O-O
Be7 9. Ne5 Nxe5 10. dxe5 Ne4 11. Bxd7+ Qxd7 12. Nxe4 dxe4 13. Qxd7+ Kxd7 14.
Rfe1 Rhc8 15. c3 Rc4 16. Be3 Rd8 17. Bxa7 Ke8 18. Bd4 b5 19. Rxe4 b4 20. a4 bxc3
21. bxc3 Bc5 22. a5 Bxd4 23. cxd4 Rcxd4 24. Rxd4 Rxd4 25. a6 Rd8 26. a7 Ra8 27.
f4 Kd7 28. Kf2 Kc6 29. Ke3 Kd5 30. Kd3 f6 31. Ra5+ Kc6 32. exf6 gxf6 33. g4 Kd6
34. h4 h6 35. Kd4 Kc6 36. g5 fxg5 37. fxg5 hxg5 38. hxg5 Kd6 39. Ra6+ Ke7 40.
Ke5 Kf7 41. g6+ Kxg6 42. Kxe6 Kg7 43. Kd7 Kf7 44. Kc7 Ke7 45. Kb7 Rxa7+ 46. Kxa7
Kd7 47. Kb7 1-0

[Event "AUTO-ADV-3788"]
[Site "http://www.queenalice.com/game.php?id=1484532"]
[Date "2017.7.1"]
[Round "2"]
[White "Canaye"]
[Black "mauricio_sm"]
[Result "1-0"]
[WhiteElo "1849"]
[BlackElo "1983"]

1. d4 Nf6 2. c4 e6 3. Nc3 b6 4. e4 d6 5. Bd3 Nc6 6. Nge2 Bb7 7. O-O Be7 8. a3
O-O 9. Qc2 e5 10. d5 Nb8 11. f4 Nbd7 12. f5 Nc5 13. b4 Nxd3 14. Qxd3 a6 15. Ng3
h6 16. Be3 Nh7 17. Qd2 Bg5 18. Bxg5 Qxg5 19. Qxg5 Nxg5 20. f6 Nh7 21. fxg7 Kxg7
22. Rf5 Bc8 23. Rh5 Nf6 24. Nf5+ Bxf5 25. Rxf5 Ng4 26. Nd1 Nf6 27. Nc3 Kg6 28.
Raf1 Ng4 29. R1f3 h5 30. h3 Nh6 31. Rg3+ Kh7 32. Rxh5 Rg8 33. Rf3 Rg7 34. Rf6
Rag8 35. Rfxh6# 1-0

[Event "AUTO-ADV-3788"]
[Site "http://www.queenalice.com/game.php?id=1484533"]
[Date "2017.7.1"]
[Round "2"]
[White "mauricio_sm"]
[Black "Canaye"]
[Result "1/2-1/2"]
[WhiteElo "1940"]
[BlackElo "1867"]

1. e4 e6 2. d4 d5 3. exd5 Qxd5 4. Nc3 Bb4 5. Qf3 Ne7 6. Bd2 Bxc3 7. Bxc3 Nbc6 8.
Bd3 a6 9. Be4 Qg5 10. Ne2 f5 11. Bxc6+ Nxc6 12. O-O O-O 13. Qg3 Qe7 14. Rfe1 b5
15. a3 Rf6 16. d5 Rg6 17. Qd3 exd5 18. Qxd5+ Qe6 19. Qxe6+ Bxe6 20. Nd4 Nxd4 21.
Bxd4 Rd8 22. c3 Bc4 23. Re7 Rc8 24. Rae1 Bf7 25. Be5 Re6 26. Rxe6 Bxe6 27. Bxc7
Rxc7 28. Rxe6 a5 29. Re5 b4 30. f3 bxc3 31. bxc3 Rxc3 32. Rxa5 g6 33. Ra7 Rc1+
34. Kf2 Ra1 35. a4 Ra2+ 36. Kg3 h6 37. a5 g5 38. h3 h5 39. a6 h4+ 40. Kh2 Ra5
41. Ra8+ Kf7 42. a7 Ra6 43. Rh8 Kg7 44. Ra8 Ra3 45. Kg1 Ra1+ 46. Kf2 Ra2+ 47.
Ke3 Ra4 48. Kd3 g4 49. hxg4 fxg4 50. fxg4 Kf7 51. Ke3 Ra3+ 52. Kf4 Ra4+ 53. Kg5
Ra5+ 54. Kxh4 Kg7 55. g5 Ra4+ 56. g4 Ra1 57. g6 Rh1+ 58. Kg3 Ra1 59. g5 Ra3+ 60.
Kf4 Ra4+ 61. Ke5 Ra5+ 62. Kd6 Ra6+ 63. Kc7 Ra1 64. Kb7 Rb1+ 65. Kc6 Rc1+ 66. Kb5
Rb1+ 67. Ka4 Ra1+ 68. Kb3 Ra6 1/2-1/2

[Event "AUTO-OPEN-3765"]
[Site "http://www.queenalice.com/game.php?id=1489700"]
[Date "2017.8.11"]
[Round "2"]
[White "mauricio_sm"]
[Black "maurice91"]
[Result "1-0"]
[WhiteElo "1937"]
[BlackElo "1831"]

1. e4 c6 2. d4 d5 3. exd5 cxd5 4. Nf3 Nf6 5. Bb5+ Nc6 6. O-O e6 7. Nc3 Bd6 8.
Bg5 h6 9. Bh4 g5 10. Bg3 Bxg3 11. fxg3 O-O 12. Bxc6 bxc6 13. Ne5 Bb7 14. Qf3 Kg7
15. Na4 Ne4 16. Rad1 Rb8 17. Nc5 Nxc5 18. dxc5 Ba8 19. b3 Qa5 20. Qf6+ Kh7 21.
Ng4 Qxc5+ 22. Kh1 Qxc2 23. Qxh6+ Kg8 24. Nf6# 1-0

[Event "AUTO-OPEN-3765"]
[Site "http://www.queenalice.com/game.php?id=1489701"]
[Date "2017.8.11"]
[Round "2"]
[White "maurice91"]
[Black "mauricio_sm"]
[Result "0-1"]
[WhiteElo "1869"]
[BlackElo "1962"]

1. d4 Nf6 2. g3 d5 3. Bg2 Bf5 4. Nf3 e6 5. O-O c5 6. c4 Nc6 7. dxc5 Bxc5 8. cxd5
Nxd5 9. e3 Qc7 10. Nbd2 Bd3 11. Re1 Ncb4 12. Qa4+ Qc6 13. Qxc6+ Nxc6 14. Nb3 Bb6
15. a3 O-O 16. Nbd4 Nxd4 17. exd4 Bg6 18. Be3 Nxe3 19. fxe3 Be4 20. Rac1 Rac8
21. Rxc8 Rxc8 22. Re2 Ba5 23. b4 Bd8 24. Rb2 Rc1+ 25. Kf2 h6 26. Ne5 Bxg2 27.
Kxg2 Rc3 28. Kf3 Rxa3 29. Nc4 Rc3 30. Nd2 Bf6 31. Ne4 Rc8 32. Nc5 b6 33. Nd3 Rc3
34. Ne5 Bxe5 35. dxe5 Kf8 36. Kf4 Ke7 37. g4 Rc4+ 38. e4 Rc3 39. b5 g5# 0-1

[Event "AUTO-OPEN-3765"]
[Site "http://www.queenalice.com/game.php?id=1489702"]
[Date "2017.8.11"]
[Round "2"]
[White "mauricio_sm"]
[Black "Zanocovsky"]
[Result "0-1"]
[WhiteElo "1956"]
[BlackElo "2029"]

1. e4 c5 2. Nf3 d6 3. d4 cxd4 4. Nxd4 Nf6 5. Nc3 a6 6. f3 Nc6 7. Be3 e5 8. Nxc6
bxc6 9. Bc4 Be7 10. O-O O-O 11. Na4 Rb8 12. Bb3 h6 13. Nc3 Bd7 14. Qe2 Re8 15.
Qxa6 d5 16. exd5 cxd5 17. Nxd5 Nxd5 18. Bxd5 Bb5 19. Qa7 Qxd5 20. Rfd1 Qb7 21.
Qxb7 Rxb7 22. b3 Bb4 23. a3 Bc3 24. Rab1 Rd7 25. Rxd7 Bxd7 26. Rd1 Be6 27. Rd3
Rc8 28. Kf2 f5 29. Ke2 e4 30. Rd6 Kf7 31. a4 Be5 32. Rd2 Bxh2 33. fxe4 fxe4 34.
Kd1 Bg3 35. Ke2 g5 36. Kd1 Bf4 37. Bxf4 gxf4 38. Rd4 Bf5 39. Kd2 Rg8 40. Rd5
Rxg2+ 41. Kc3 Ke6 42. Rb5 e3 43. a5 Rxc2+ 44. Kb4 e2 45. Rb6+ Kd7 46. a6 e1=Q+
47. Ka4 Ra2+ 48. Kb5 Qa5+ 49. Kc4 Rc2+ 50. Kd4 Qc5# 0-1

[Event "AUTO-OPEN-3765"]
[Site "http://www.queenalice.com/game.php?id=1489703"]
[Date "2017.8.11"]
[Round "2"]
[White "Zanocovsky"]
[Black "mauricio_sm"]
[Result "0-1"]
[WhiteElo "2034"]
[BlackElo "1968"]

1. d4 Nf6 2. c4 e6 3. Nf3 b6 4. g3 Bb7 5. Bg2 d5 6. Nc3 Be7 7. cxd5 Nxd5 8. O-O
O-O 9. a3 Nd7 10. e4 Nxc3 11. bxc3 Bxe4 12. Ne5 Bxg2 13. Kxg2 Bf6 14. Rb1 Nxe5
15. dxe5 Qxd1 0-1

[Event "AUTO-ADV-3803"]
[Site "http://www.queenalice.com/game.php?id=1489862"]
[Date "2017.8.12"]
[Round "2"]
[White "jlpbarreto"]
[Black "mauricio_sm"]
[Result "1-0"]
[WhiteElo "1971"]
[BlackElo "1950"]

1. e4 e5 2. Nf3 Nc6 3. Bb5 a6 4. Ba4 Nf6 5. d3 b5 6. Bb3 Be7 7. c3 d5 8. Bc2 Bg4
9. O-O dxe4 10. dxe4 Qxd1 11. Rxd1 Bxf3 12. gxf3 h6 13. Bb3 Nd7 14. Be3 Na5 15.
Bxf7+ Kxf7 16. Rxd7 Rhc8 17. Bc5 Nc6 18. Na3 Ke6 19. Rd5 Rd8 20. Bxe7 Nxe7 21.
Rdd1 Rd6 22. Rxd6+ cxd6 23. Rd1 Rd8 24. Nc2 a5 25. Ne3 Rf8 26. Kg2 Ng6 27. Nf5
Nf4+ 28. Kf1 Rd8 29. Nxg7+ Kf6 30. Nf5 d5 31. h4 d4 32. cxd4 exd4 33. Rxd4 Rxd4
34. Nxd4 Nd3 35. Nxb5 Nxb2 36. f4 Nd3 37. f5 Nb4 38. a3 Nc6 39. Ke2 Ne5 40. f4
Ng6 41. fxg6 Kxg6 42. Kf3 h5 43. a4 Kf6 44. e5+ Ke6 45. Ke4 Ke7 46. f5 Kd7 47.
Kd5 Ke7 48. f6+ Kf7 49. Kd6 Kg6 50. Ke6 Kh7 51. f7 Kg7 52. Ke7 Kh7 53. Kf6 Kh6
54. f8=Q+ Kh7 55. Qg7# 1-0

[Event "AUTO-ADV-3803"]
[Site "http://www.queenalice.com/game.php?id=1489863"]
[Date "2017.8.12"]
[Round "2"]
[White "mauricio_sm"]
[Black "jlpbarreto"]
[Result "0-1"]
[WhiteElo "1987"]
[BlackElo "1874"]

1. e4 e5 2. Nf3 Nf6 3. d3 h6 4. Nxe5 Nc6 5. Nxc6 dxc6 6. Nc3 Bb4 7. Bd2 O-O 8.
a3 Be7 9. f4 Re8 10. f5 Bc5 11. Qf3 Bd4 12. O-O-O b5 13. Na2 a5 14. Bc3 Bb7 15.
Bxd4 Qxd4 16. c3 Qd8 17. Kc2 c5 18. Be2 Qe7 19. Rde1 Rad8 20. Qf2 Kf8 21. h4 Kg8
22. Bf3 Qd7 23. Rd1 Ba8 24. g4 g5 25. hxg5 Nh7 26. Rxh6 f6 27. g6 Re7 28. gxh7+
Rxh7 29. Rdh1 Rxh6 30. Rxh6 Qxd3+ 31. Kc1 Bxe4 32. Rg6+ Kf7 33. Rxf6+ Kxf6 34.
Bxe4 Qd1# 0-1

[Event "AUTO-ADV-3803"]
[Site "http://www.queenalice.com/game.php?id=1489866"]
[Date "2017.8.12"]
[Round "2"]
[White "niclep"]
[Black "mauricio_sm"]
[Result "1/2-1/2"]
[WhiteElo "2144"]
[BlackElo "1927"]

1. e4 e5 2. a3 Nf6 3. Nc3 d5 4. exd5 Nxd5 5. Ne4 Bd6 6. d3 Nc6 7. Be3 O-O 8. Be2
f5 9. Nxd6 cxd6 10. Nf3 h6 11. O-O Be6 12. Qd2 f4 13. Bxa7 Rxa7 14. c4 Nf6 15.
b4 g5 16. h3 Qe7 17. b5 Na5 18. Qb4 b6 19. Qc3 Rc7 20. Qb4 d5 21. c5 Qxc5 22.
Qxc5 bxc5 23. Nxe5 Nb3 24. Ra2 d4 25. Rb2 Kg7 26. a4 Re8 27. Nf3 Na5 28. Rc1 Nd5
29. Kh2 Nb6 30. Nxd4 Bf7 31. Nf3 Nb7 32. d4 Ree7 33. Bd1 cxd4 34. Rxc7 Rxc7 35.
Nxd4 Rd7 36. Nf5+ Kf6 37. Bg4 Be6 38. Nxh6 Bxg4 39. Nxg4+ Kf5 40. Rb4 Nd5 41.
Rd4 Ke6 42. Re4+ Kd6 43. Rd4 Kc5 44. Rd2 Nb6 45. Rc2+ Kd6 46. Rd2+ Ke7 47. Re2+
Kf8 48. Re5 Rd5 49. Re4 Nc5 50. Rb4 Ncxa4 51. Nf6 Rd6 52. Nh7+ Kg7 53. Nxg5 Nc3
54. Rxf4 Nxb5 55. Rg4 Kf8 56. Rf4+ Ke7 57. Rf7+ Ke8 58. Rf5 Nd4 59. Re5+ Kf8 60.
Ne4 Re6 61. Rxe6 Nxe6 62. g3 Nd5 63. f4 Ne3 64. Nf2 Nd4 65. g4 Nf3+ 66. Kg3 Nd4
67. f5 Nexf5+ 68. gxf5 Nxf5+ 69. Kf4 Ne7 70. Ng4 Kg7 71. Kg5 Nd5 72. h4 Nc7 73.
Kf5 Nd5 74. h5 Ne7+ 75. Kg5 Ng8 76. h6+ Nxh6 77. Nxh6 Kf8 78. Kf6 1/2-1/2

[Event "AUTO-ADV-3803"]
[Site "http://www.queenalice.com/game.php?id=1489867"]
[Date "2017.8.12"]
[Round "2"]
[White "mauricio_sm"]
[Black "niclep"]
[Result "0-1"]
[WhiteElo "1935"]
[BlackElo "2138"]

1. e4 e5 2. Nf3 Nc6 3. Bc4 h6 4. c3 Bc5 5. O-O Nf6 6. Re1 Ng4 7. d4 Bb6 8. h3
Nf6 9. Be3 d6 10. dxe5 Nh7 11. exd6 Bxe3 12. Rxe3 cxd6 13. Nbd2 O-O 14. Rd3 Qe7
15. Bb3 Ne5 16. Nc4 Nxd3 17. Qxd3 Be6 18. Re1 Rad8 19. Nd4 Bxc4 20. Qxc4 d5 21.
Qe2 Nf6 22. exd5 Qxe2 23. Rxe2 Nxd5 24. Nf5 Nf6 25. Nd4 a6 26. Kf1 Rfe8 27. Nf5
Ne4 28. Nd4 Kf8 29. Bc2 Nd6 30. b3 Rxe2 31. Kxe2 Re8+ 32. Kf1 Re5 33. Nf3 Rd5
34. c4 Rc5 35. Bd3 f5 36. Nd4 Re5 37. Nf3 Re7 38. Nh4 Rf7 39. Ng6+ Ke8 40. Ne5
Rf6 41. Ke2 Ke7 42. Nf3 f4 43. Ne5 Re6 44. Kf3 Rxe5 45. Kxf4 Kf6 46. Kf3 Nf5 47.
Bxf5 Rxf5+ 48. Ke2 Ke5 49. Ke3 g5 50. f3 Rf4 51. g3 Rd4 52. a3 Rd1 53. f4+ gxf4+
54. gxf4+ Kf5 55. b4 Ra1 56. b5 Rxa3+ 57. Kd4 axb5 58. cxb5 b6 59. Kd5 Rc3 60.
h4 Kxf4 61. Ke6 h5 62. Kf6 Rc5 63. Kg6 Rxb5 0-1

[Event "AUTO-ADV-3803"]
[Site "http://www.queenalice.com/game.php?id=1489868"]
[Date "2017.8.12"]
[Round "2"]
[White "Canaye"]
[Black "mauricio_sm"]
[Result "0-1"]
[WhiteElo "1867"]
[BlackElo "1949"]

1. d4 Nf6 2. c4 e6 3. Nc3 Be7 4. e4 O-O 5. Bd3 d6 6. Nge2 b6 7. f4 Bb7 8. O-O c5
9. e5 dxe5 10. dxe5 Ne8 11. Qc2 f5 12. Nd1 Nc6 13. Ne3 g6 14. g4 Nb4 15. Qb1
Nxd3 16. Rd1 Be4 17. Nc2 Bh4 18. g5 Bf3 19. Rxd3 Qxd3 20. Ng3 Bxg3 21. hxg3 Qd1+
22. Kh2 Qh1# 0-1

[Event "AUTO-ADV-3803"]
[Site "http://www.queenalice.com/game.php?id=1489869"]
[Date "2017.8.12"]
[Round "2"]
[White "mauricio_sm"]
[Black "Canaye"]
[Result "1-0"]
[WhiteElo "1974"]
[BlackElo "1854"]

1. e4 e6 2. d4 d5 3. exd5 Qxd5 4. Nc3 Bb4 5. Ne2 c5 6. Qd2 Bxc3 7. Qxc3 c4 8.
Bf4 Nc6 9. O-O-O Nf6 10. Be3 O-O 11. Nf4 Qd7 12. Bxc4 b6 13. d5 exd5 14. Nxd5
Nxd5 15. Bxd5 Qe8 16. Bxc6 Qe6 17. Bxa8 Ba6 18. Bf3 h6 19. b3 Rc8 20. Qb2 g5 21.
h3 Re8 22. Rd4 Qf5 23. Rhd1 Rf8 24. Rd8 Rxd8 25. Rxd8+ Kh7 26. Qh8+ Kg6 27. Rg8#
1-0

[Event "Longa partida"]
[Site "http://www.queenalice.com/game.php?id=1506947"]
[Date "2017.12.5"]
[Round "-"]
[White "adriano1953"]
[Black "mauricio_sm"]
[Result "0-1"]
[WhiteElo "1866"]
[BlackElo "1980"]

1. d4 Nf6 2. Nf3 e6 3. c4 b6 4. Nc3 Bb7 5. Bg5 Be7 6. e3 O-O 7. Bd3 d5 8. b3 Nc6
9. O-O Nb4 10. Be2 c5 11. a3 Nc6 12. Qc2 a6 13. cxd5 Nxd5 14. Bxe7 Qxe7 15. Bd3
Nf6 16. dxc5 Qxc5 17. b4 Qd6 18. Rad1 Qe7 19. h3 Rad8 20. Ne4 Rc8 21. Nxf6+ Qxf6
22. Bxh7+ Kh8 23. Bd3 Ne5 24. Nd4 Rxc2 0-1

[Event "Let's Play Chess!"]
[Site "http://www.queenalice.com/game.php?id=1528466"]
[Date "2018.5.26"]
[Round "-"]
[White "mauricio_sm"]
[Black "george941"]
[Result "1-0"]
[WhiteElo "1991"]
[BlackElo "1806"]

1. e4 e5 2. Nf3 Nf6 3. Bc4 Nc6 4. d3 Be7 5. Nc3 O-O 6. O-O d6 7. h3 Be6 8. Bxe6
fxe6 9. Ng5 Qd7 10. Be3 d5 11. Bd2 dxe4 12. Ngxe4 Rad8 13. a3 Nd4 14. Re1 Qc6
15. Rc1 Nxe4 16. Nxe4 Qb6 17. Bc3 Bh4 18. g3 Bxg3 19. Nxg3 Nf3+ 20. Kf1 Nxe1 21.
Qxe1 Rf7 22. Ne4 Rf3 23. Kg2 Rdf8 24. Bxe5 R3f5 25. Bc3 g5 26. Qe3 Qxe3 27. fxe3
h5 28. Rd1 b6 29. Rd2 g4 30. hxg4 hxg4 31. Re2 Rh5 32. Nf6+ Rxf6 33. Bxf6 Kf7
34. Rf2 Rf5 35. Bh4 Kg6 36. Rxf5 exf5 37. Kg3 Kh5 38. Bd8 c6 39. Kf4 Kg6 40. e4
1-0

[Event "Challenge"]
[Site "http://www.queenalice.com/game.php?id=1606014"]
[Date "2020.4.5"]
[Round "-"]
[White "mauricio_sm"]
[Black "amaralch7"]
[Result "1-0"]
[WhiteElo "2000"]
[BlackElo "1929"]

1. e4 g6 2. d4 Bg7 3. Nf3 d6 4. Bc4 Nc6 5. c3 Bd7 6. O-O h5 7. Be3 Bg4 8. Nbd2
e6 9. Qc2 a6 10. a3 Nh6 11. h3 Qe7 12. hxg4 hxg4 13. Ng5 Bf6 14. f4 Kd7 15. e5
Bxg5 16. fxg5 Nf5 17. Bf4 d5 18. Bd3 Rh5 19. Bxf5 gxf5 20. g3 Rah8 21. Kf2 Rh2+
22. Ke3 Na5 23. Qa4+ Nc6 24. b4 Kc8 25. b5 Nb8 26. bxa6 Nxa6 27. Rab1 Nb8 28.
Qb4 Qxb4 29. axb4 Nd7 30. Nb3 b6 31. Ra1 Rb2 32. Rab1 Rc2 33. Rfc1 Rhh2 34. Rxc2
Rxc2 35. Kd3 Rh2 36. Ra1 Kb7 37. Rc1 Nb8 38. c4 c6 39. Rc2 Rxc2 40. Kxc2 dxc4
41. Nd2 b5 42. Nb1 Nd7 43. Nc3 Kc7 44. Be3 Nb6 45. Bd2 Na4 46. Ne2 Nb6 47. Nf4
Nd5 48. g6 fxg6 49. Nxe6+ Kd7 50. Nf8+ Ke7 51. Nxg6+ Ke6 52. Nf4+ Nxf4 53. Bxf4
Kd7 54. Kd2 Ke6 55. Ke2 Kd5 56. Be3 Ke6 57. Bd2 Kd5 58. Ke3 Ke6 59. Kf4 1-0